| 000 | 00358nam a2200157Ia 4500 | ||
|---|---|---|---|
| 008 | 210210b1913 xxu||||| |||| 00| 0 eng d | ||
| 041 | _aeng | ||
| 082 | _a822/925 | ||
| 100 | _aOURSLER (F) | ||
| 245 | _aPrecious secret | ||
| 260 |
_aLondon _bNot Mentioned _c1913 |
||
| 650 | _asecret | ||
| 650 | _aPrecious | ||
| 690 | _aEnglish Prose | ||
| 906 | _a013108 | ||
| 999 |
_c131945 _d131945 |
||